| 000 | 00512 a2200181 4500 | ||
|---|---|---|---|
| 999 |
_c4539 _d4539 |
||
| 010 | _aENG-86425 | ||
| 020 |
_a8181575083 _c180.00 |
||
| 035 | _aEN-69958 | ||
| 037 | _bDBAD / PUB | ||
| 082 | 1 | 4 | _a881 |
| 100 | 1 | _aAmyth | |
| 245 | 1 |
_aColours of the sky / _cby Amyth |
|
| 260 |
_aKolkata _bWriters Workshop _c2006 |
||
| 270 |
_a162/42, Lake Gardens, _bCalcutta - 700 045 _cWest Bengal |
||
| 300 |
_a96p. _c22cm (Hb) |
||
| 490 | _aWriters workshop redbird book | ||
| 942 |
_adpl _cEN _2ddc _h881 _mAMY |
||